000 00841cam a2200241 a 4500
001 13136414
005 20180111042151.0
008 030325s2003 dcu b 001 0 eng
010 _a 2003006944
020 _a0878403418 (pbk. : alk. paper)
040 _aDLC
_cDLC
_dDLC
041 _aeng
080 _a341.584 LAN
082 0 0 _a341.584 LAN
_221
100 _a14
101 _aJUR
245 0 0 _aJust intervention /
_cAnthony F. Lang, Jr., editor.
504 _aIncludes bibliographical references and index.
504 _aIncludes bibliographical references and index.
906 _a7
_bcbc
_corignew
_d1
_eecip
_f20
_gy-gencatlg
942 _2ddc
_cBK
999 _c40072
_d40072